| 000 | 00807nam a22002297a 4500 | ||
|---|---|---|---|
| 999 |
_c12868 _d12868 |
||
| 003 | AR-CdUCM | ||
| 008 | 190410b ||||| |||| 00| 0 spa d | ||
| 040 |
_aMUNICIPALIDAD PROVINCIAL DEL CUSCO _cBIBLIOTECA MUNICIPAL DEL CUSCO |
||
| 082 |
_a617.09 / _bB41 / 1925 |
||
| 100 |
_aBello, Eduardo _930964 |
||
| 245 | _aLa cirugía del cráneo entre los antiguos pobladores del Perú | ||
| 260 |
_aBuenos Aires : _bImprenta Mercatali, _c1925. |
||
| 300 |
_a38 paginas ; _bIlustraciones, _c22 cm. |
||
| 505 | _aContenido : La cirugía del cráneo | ||
| 650 |
_aTrepanacion craneana _930965 |
||
| 650 |
_aCirugia del Craneo _930966 |
||
| 650 |
_aPerú _935 |
||
| 650 |
_aAntiguo Perú _930967 |
||
| 710 |
_aCongreso científico panamericano de Lima _930968 |
||
| 942 |
_2ddc _cLIBROS |
||
| 945 |
_awnts _d2019-04-10 |
||